[Event "17th 4NCL Congress"]
[Site "Harrogate"]
[Date "2018.01.20"]
[Round "2"]
[Board "8"]
[White "JACOB, Sydney J"]
[Black "MIDDLETON, Tom"]
[Result "1/2-1/2"]
[WhiteElo "1815"]
[BlackElo "1990"]
[PlyCount "41"]
[EventDate "2018.01.19"]
[EventRounds "5"]
[EventCountry "ENG"]

1. d4 Nf6 2. c4 g6 3. Nc3 Bg7 4. Nf3 O-O 5. Bg5 h6 6. Bf4 d6 7. h3 Nbd7 8. e3
Re8 9. Be2 b6 10. O-O Bb7 11. Rc1 e5 12. Bh2 exd4 13. exd4 Ne4 14. Nxe4 Bxe4
15. b3 Qf6 16. Qd2 Re7 17. Bf4 Kh7 18. Rfd1 Rae8 19. Be3 Bf5 20. Re1 Qe6 21. d5
 1/2-1/2

[Event "17th 4NCL Congress"]
[Site "Harrogate"]
[Date "2018.01.20"]
[Round "2"]
[Board "9"]
[White "ROBINSON, Brian"]
[Black "DESMEDT, Richard E"]
[Result "1/2-1/2"]
[WhiteElo "1610"]
[BlackElo "1806"]
[PlyCount "50"]
[EventDate "2018.01.19"]
[EventRounds "5"]
[EventCountry "ENG"]

1. d4 d5 2. Nc3 e6 3. Bf4 Bd6 4. Bg3 f5 5. e3 Nf6 6. Nf3 c6 7. Bd3 O-O 8. Ne5
Ne4 9. Qh5 Qg5 10. Qxg5 Nxg5 11. O-O Ne4 12. Nxe4 fxe4 13. Be2 Bxe5 14. Bxe5
Nd7 15. Bg3 Nf6 16. b4 Bd7 17. a4 a5 18. c3 axb4 19. cxb4 Rfc8 20. Rfb1 b5 21.
a5 Ne8 22. Rf1 g6 23. Be5 Ng7 24. Bxg7 Kxg7 25. f3 exf3 1/2-1/2

[Event "17th 4NCL Congress"]
[Site "Harrogate"]
[Date "2018.01.20"]
[Round "2"]
[Board "10"]
[White "GARDINER, Eric D"]
[Black "NANDI, Robin J"]
[Result "1-0"]
[WhiteElo "1977"]
[BlackElo "1806"]
[PlyCount "55"]
[EventDate "2018.01.19"]
[EventRounds "5"]
[EventCountry "ENG"]

1. d4 Nf6 2. Bg5 d5 3. Bxf6 exf6 4. e3 Be6 5. g3 c5 6. dxc5 Bxc5 7. c3 Nc6 8.
Nd2 d4 9. cxd4 Nxd4 10. exd4 Qxd4 11. Bb5+ Kf8 12. Qe2 Qxb2 13. Rb1 Qxa2 14.
Ngf3 Bh3 15. Qe4 g6 16. Bc4 Qa5 17. Rxb7 Be6 18. Bxe6 fxe6 19. O-O Re8 20. Rfb1
Re7 21. Rxe7 Bxe7 22. Qxe6 Qa3 23. Nd4 Kg7 24. Nc4 Qc5 25. Nc6 Re8 26. Rb7 Kf8
27. Nxe7 Rxe7 28. Qxf6+ 1-0

[Event "17th 4NCL Congress"]
[Site "Harrogate"]
[Date "2018.01.20"]
[Round "2"]
[Board "11"]
[White "GOODFELLOW, Russell R"]
[Black "KENDALL, Paul Sn"]
[Result "0-1"]
[WhiteElo "1768"]
[BlackElo "1970"]
[PlyCount "58"]
[EventDate "2018.01.19"]
[EventRounds "5"]
[EventCountry "ENG"]

1. e4 c5 2. Nf3 Nc6 3. d4 cxd4 4. Nxd4 g6 5. c4 Bg7 6. Nb3 Nf6 7. Nc3 d6 8. Be2
O-O 9. Be3 Be6 10. f3 Ne5 11. Nd5 Qd7 12. Nd4 Rfc8 13. Rc1 Bxd5 14. exd5 Qe8
15. O-O a6 16. f4 Ned7 17. Bf3 Rc7 18. b4 Rac8 19. Qb3 h5 20. Rfd1 Ng4 21. Bxg4
hxg4 22. Rc2 b5 23. Nc6 bxc4 24. Qxc4 Nb8 25. b5 axb5 26. Qxb5 Nxc6 27. Bb6 Rb7
28. Rxc6 Rcb8 29. Rb1 Bd4+ 0-1

[Event "17th 4NCL Congress"]
[Site "Harrogate"]
[Date "2018.01.20"]
[Round "2"]
[Board "12"]
[White "TER-GEVORKIAN, Aram"]
[Black "WILLIAMSON, Graham Ag"]
[Result "1-0"]
[WhiteElo "1939"]
[BlackElo "1801"]
[PlyCount "47"]
[EventDate "2018.01.19"]
[EventRounds "5"]
[EventCountry "ENG"]

1. e4 d6 2. d4 g6 3. f4 Bg7 4. Nc3 f5 5. e5 c6 6. Nf3 h6 7. Bd3 e6 8. Be3 d5 9.
Ne2 b6 10. g4 Ba6 11. gxf5 Bxd3 12. Qxd3 exf5 13. Rg1 Ne7 14. Nh4 O-O 15. Nxg6
Nxg6 16. Rxg6 Qh4+ 17. Kd2 Qh5 18. Rag1 Rf7 19. R6g2 b5 20. Ng3 Qg6 21. Nxf5
Qxf5 22. Rxg7+ Kf8 23. Rxf7+ Qxf7 24. f5 1-0

[Event "17th 4NCL Congress"]
[Site "Harrogate"]
[Date "2018.01.20"]
[Round "2"]
[Board "13"]
[White "DUNKLEY, Michael"]
[Black "REYNOLDS, Mark A"]
[Result "0-1"]
[WhiteElo "1723"]
[BlackElo "1925"]
[PlyCount "68"]
[EventDate "2018.01.19"]
[EventRounds "5"]
[EventCountry "ENG"]

1. d4 e6 2. Nf3 f5 3. c4 Nf6 4. Nc3 Bb4 5. Qb3 Qe7 6. g3 b6 7. Bg2 Bb7 8. O-O
Bxc3 9. Qxc3 Na6 10. Bg5 O-O 11. a3 h6 12. Bxf6 Qxf6 13. Ne5 Bxg2 14. Kxg2 Rad8
15. b4 Nb8 16. a4 d6 17. Nf3 c5 18. bxc5 dxc5 19. e3 Nc6 20. Rad1 g5 21. Qa1
cxd4 22. Nxd4 Ne5 23. Nf3 Rxd1 24. Rxd1 Nxc4 25. Qa2 Rc8 26. Rd7 g4 27. Nd4 Qe5
28. Qb1 Rc7 29. Rd8+ Kh7 30. h3 gxh3+ 31. Kxh3 Nd2 32. Qb4 Ne4 33. Qf8 Ng5+ 34.
Kh4 Qe4+ 0-1

[Event "17th 4NCL Congress"]
[Site "Harrogate"]
[Date "2018.01.20"]
[Round "2"]
[Board "14"]
[White "CLAPHAM, Michael Jw"]
[Black "DAVIES, Sam"]
[Result "1/2-1/2"]
[WhiteElo "1923"]
[BlackElo "1713"]
[PlyCount "79"]
[EventDate "2018.01.19"]
[EventRounds "5"]
[EventCountry "ENG"]

1. e4 c6 2. d4 d5 3. f3 g6 4. Nc3 Bg7 5. Be3 dxe4 6. fxe4 Nf6 7. Nf3 O-O 8. h3
Nbd7 9. Qd2 Nh5 10. Bf2 e5 11. d5 cxd5 12. Nxd5 Nf4 13. O-O-O Nf6 14. Nc3 Qa5
15. g3 Ne6 16. Bc4 b6 17. Qe2 a6 18. Nd5 Nxd5 19. exd5 e4 20. Qxe4 Qb4 21. c3
Nc5 22. Bxc5 Qxc5 23. g4 Bd7 24. Bb3 Rfe8 25. Qf4 Re3 26. Nd4 Rae8 27. Nc2 R3e4
28. Qf3 Bh6+ 29. Kb1 Rf4 30. Qg3 Rfe4 31. Rhf1 Bg7 32. Qf3 Qf8 33. d6 Be6 34.
Bxe6 R4xe6 35. Qc6 Rd8 36. Qxb6 Rexd6 37. Rxd6 Qxd6 38. Qxd6 Rxd6 39. Ne3 Rd3
40. Nc4 1/2-1/2

[Event "17th 4NCL Congress"]
[Site "Harrogate"]
[Date "2018.01.20"]
[Round "2"]
[Board "16"]
[White "HOLLIDAY, John K"]
[Black "HOLROYD, Nigel P"]
[Result "1-0"]
[WhiteElo "1675"]
[BlackElo "1916"]
[PlyCount "79"]
[EventDate "2018.01.19"]
[EventRounds "5"]
[EventCountry "ENG"]

1. e4 e5 2. Nf3 Nc6 3. d4 exd4 4. c3 d3 5. Bxd3 d6 6. O-O Bg4 7. Bf4 Nf6 8.
Nbd2 Nh5 9. Bg3 Nxg3 10. fxg3 Qd7 11. Qb3 O-O-O 12. Nd4 Ne5 13. Bc4 Nxc4 14.
Nxc4 Be6 15. Nxe6 fxe6 16. a4 g6 17. Rf3 Bg7 18. Raf1 Rdf8 19. Rxf8+ Bxf8 20.
Qc2 Bh6 21. b3 Qf7 22. Qd3 Qf6 23. Qd4 Bg7 24. e5 dxe5 25. Qxa7 e4 26. Qa8+ Kd7
27. Qxb7 Qxc3 28. Qb5+ Ke7 29. Qc5+ Kd8 30. Qg5+ Kd7 31. Qd2+ Kc6 32. Qxc3 Bxc3
33. Kf2 Bd4+ 34. Ke2 Kc5 35. Nd2 e3 36. Nc4 Kb4 37. a5 Kxb3 38. Nxe3 Kb4 39.
Nc2+ Kxa5 40. Nxd4 1-0

[Event "17th 4NCL Congress"]
[Site "Harrogate"]
[Date "2018.01.20"]
[Round "2"]
[Board "17"]
[White "ROBERTS, Malcolm A"]
[Black "CUKOVS, Oleg"]
[Result "1-0"]
[WhiteElo "1618"]
[BlackElo "1906"]
[PlyCount "83"]
[EventDate "2018.01.19"]
[EventRounds "5"]
[EventCountry "ENG"]

1. e4 Nf6 2. Nc3 d5 3. exd5 Nxd5 4. Nxd5 Qxd5 5. Nf3 Bg4 6. Be2 e5 7. d3 Nc6 8.
O-O Be7 9. c4 Qe6 10. Re1 O-O 11. a3 Rad8 12. Qb3 b6 13. Be3 Qg6 14. Rad1 Rfe8
15. Qb5 Bd7 16. Nxe5 Nxe5 17. Qxe5 Bb4 18. Qxc7 Bc6 19. g3 Rd7 20. Qf4 Bxe1 21.
Rxe1 Rde7 22. Bf1 h6 23. Rc1 Qe6 24. b4 Rd8 25. h4 Bb7 26. b5 Qe5 27. Qxe5 Rxe5
28. d4 Ree8 29. d5 f6 30. Bg2 Kf7 31. Kf1 g5 32. hxg5 hxg5 33. Bd4 f5 34. f4
gxf4 35. gxf4 Rg8 36. Kf2 Rg6 37. Bh3 Bc8 38. Rg1 Rxg1 39. Kxg1 Kg6 40. Kf2 Kh5
41. Be5 Kh4 42. Bf6+ 1-0

[Event "17th 4NCL Congress"]
[Site "Harrogate"]
[Date "2018.01.20"]
[Round "2"]
[Board "18"]
[White "PINK, Joshua"]
[Black "GOGIA, Armaan"]
[Result "1/2-1/2"]
[WhiteElo "1893"]
[BlackElo "1603"]
[PlyCount "62"]
[EventDate "2018.01.19"]
[EventRounds "5"]
[EventCountry "ENG"]

1. e4 c5 2. Nf3 d6 3. e5 Nc6 4. Nc3 Bg4 5. exd6 exd6 6. Qe2+ Be7 7. Qe3 d5 8.
d4 Bxf3 9. Qxf3 Nxd4 10. Qd3 Nf6 11. Be3 Ne6 12. O-O-O d4 13. Ne4 O-O 14. Nxf6+
Bxf6 15. Bd2 Qd5 16. Qc4 Qxc4 17. Bxc4 Bg5 18. Bxe6 Bxd2+ 19. Rxd2 fxe6 20. Re1
Rae8 21. Re5 Rf5 22. Rde2 Kf7 23. Kd2 Kf6 24. Rxf5+ Kxf5 25. Kd3 b5 26. b4 e5
27. bxc5 Rc8 28. g4+ Kf6 29. f4 Rxc5 30. fxe5+ Rxe5 31. Rf2+ Ke6 1/2-1/2

[Event "17th 4NCL Congress"]
[Site "Harrogate"]
[Date "2018.01.20"]
[Round "2"]
[Board "21"]
[White "CONNOLLY, Marcus Pa"]
[Black "OLIVER, Bruce R"]
[Result "1/2-1/2"]
[WhiteElo "1825"]
[BlackElo "1571"]
[PlyCount "50"]
[EventDate "2018.01.19"]
[EventRounds "5"]
[EventCountry "ENG"]

1. f4 g6 2. Nf3 Bg7 3. e3 c5 4. d4 cxd4 5. exd4 Nf6 6. Bd3 d5 7. Qe2 O-O 8. O-O
Nc6 9. c3 Bd7 10. Ne5 a6 11. Nd2 Rc8 12. Ndf3 b5 13. Nxc6 Rxc6 14. Ne5 Rc8 15.
Bd2 Rc7 16. h3 Nh5 17. Qf3 Nf6 18. Kh2 e6 19. g4 Ne8 20. Qe2 Nd6 21. b3 Qc8 22.
Rac1 Qd8 23. Kg3 Qc8 24. Rfe1 Re8 25. h4 Rf8 1/2-1/2

[Event "17th 4NCL Congress"]
[Site "Harrogate"]
[Date "2018.01.20"]
[Round "2"]
[Board "22"]
[White "HALL, David G"]
[Black "CZESTOCHOWSKI, Eddie"]
[Result "1/2-1/2"]
[WhiteElo "1664"]
[BlackElo "1612"]
[PlyCount "106"]
[EventDate "2018.01.19"]
[EventRounds "5"]
[EventCountry "ENG"]

1. d4 Nf6 2. Nf3 d5 3. g3 g6 4. Bg2 Bg7 5. O-O O-O 6. Nbd2 c6 7. c4 Re8 8. h3
Nbd7 9. b3 e5 10. dxe5 Nxe5 11. Bb2 Nxf3+ 12. Nxf3 dxc4 13. Qxd8 Rxd8 14. bxc4
Be6 15. Rac1 Ne4 16. Bxg7 Kxg7 17. Rc2 h6 18. e3 Ng5 19. Nxg5 hxg5 20. Rb1 Rab8
21. g4 Bd7 22. c5 Be6 23. Rcb2 Bd5 24. Rxb7 Rxb7 25. Rxb7 Bxa2 26. Rxa7 Rd1+
27. Kh2 Rd2 28. Kg3 Bd5 29. Rc7 Rd3 30. Kh2 Rd2 31. e4 Be6 32. Kg3 Rd3+ 33. f3
Bd7 34. Bf1 Rd1 35. Ba6 Be8 36. Rc8 Bd7 37. Rd8 Ra1 38. Bb7 Be6 39. Rd6 Ra2 40.
Bxc6 Bc4 41. Bd5 Rc2 42. Bxc4 Rxc4 43. Rd5 f6 44. Kf2 Kf7 45. Ke3 Ke7 46. Kd3
Rc1 47. Ke2 Rc3 48. Kf2 Rc2+ 49. Kg3 Rc3 50. h4 gxh4+ 51. Kxh4 Rxf3 52. Rd4 Rc3
53. Rd5 Rc4 1/2-1/2

[Event "17th 4NCL Congress"]
[Site "Harrogate"]
[Date "2018.01.20"]
[Round "2"]
[Board "23"]
[White "FRITH, Shane S"]
[Black "POTTER, Steven"]
[Result "0-1"]
[WhiteElo "1629"]
[BlackElo "1812"]
[PlyCount "58"]
[EventDate "2018.01.19"]
[EventRounds "5"]
[EventCountry "ENG"]

1. e4 e6 2. Nf3 b6 3. d4 Bb7 4. Nc3 Bb4 5. Bd3 Nf6 6. Qe2 d5 7. exd5 Qxd5 8.
O-O Bxc3 9. bxc3 Qh5 10. c4 O-O 11. Bf4 c5 12. c3 Nbd7 13. Rfe1 Rfe8 14. Ne5
Qxe2 15. Rxe2 Nxe5 16. Rxe5 cxd4 17. cxd4 Rad8 18. Rd1 Kh8 19. Bc2 Rc8 20. Bb3
h6 21. Ree1 Red8 22. d5 exd5 23. Re7 dxc4 24. Rxd8+ Rxd8 25. Ba4 Bc6 26. Bc7
Rd2 27. Bf4 Rxa2 28. Bd1 Ra1 29. Re1 Ba4 0-1

[Event "17th 4NCL Congress"]
[Site "Harrogate"]
[Date "2018.01.20"]
[Round "2"]
[Board "24"]
[White "WARD, Matthew"]
[Black "ROSS, Stuart"]
[Result "0-1"]
[WhiteElo "1810"]
[BlackElo "1645"]
[PlyCount "54"]
[EventDate "2018.01.19"]
[EventRounds "5"]
[EventCountry "ENG"]

1. e4 c5 2. Nf3 d6 3. d4 cxd4 4. Nxd4 Nf6 5. Nc3 a6 6. Bg5 e6 7. Qd2 Be7 8.
O-O-O O-O 9. Nb3 Nbd7 10. Bf4 e5 11. Bg5 Qc7 12. h4 b5 13. a3 Bb7 14. f3 Rfd8
15. h5 Rac8 16. Bxf6 Nxf6 17. g4 d5 18. Bd3 dxe4 19. Nxe4 Nxe4 20. fxe4 Bxe4
21. Bxe4 Rxd2 22. Nxd2 Bg5 23. Kb1 Bxd2 24. Rxd2 Rd8 25. Bd3 e4 26. Re2 exd3
27. cxd3 Qd7 0-1

[Event "17th 4NCL Congress"]
[Site "Harrogate"]
[Date "2018.01.20"]
[Round "2"]
[Board "26"]
[White "TAIT, Bill"]
[Black "BROOKE, John"]
[Result "1-0"]
[WhiteElo "1712"]
[BlackElo "1622"]
[PlyCount "73"]
[EventDate "2018.01.19"]
[EventRounds "5"]
[EventCountry "ENG"]

1. e4 d6 2. d4 Nf6 3. Nd2 g6 4. Ngf3 Bg7 5. c4 O-O 6. Rb1 c5 7. d5 Qa5 8. Bd3
Qxa2 9. O-O Qa5 10. b3 Na6 11. Re1 Nb4 12. Bf1 Ng4 13. h3 Ne5 14. Nxe5 Bxe5 15.
Nf3 Bg7 16. Bd2 Qb6 17. Nh4 a5 18. f4 e6 19. Be3 Bd7 20. Kh1 a4 21. bxa4 Rxa4
22. dxe6 fxe6 23. f5 Rfa8 24. fxg6 Be8 25. gxh7+ Kh8 26. Qg4 Qd8 27. Bh6 Qf6
28. Bxg7+ Qxg7 29. Qxe6 Bf7 30. Qxd6 Qd4 31. Qh6 Qg7 32. Qxg7+ Kxg7 33. e5 Re8
34. Nf5+ Kxh7 35. Nd6 Re7 36. Nxf7 Rxf7 37. e6 {score sheet illegible} 1-0